Quasimodo / (Record no. 25535)
[ view plain ]
| 000 -CABECERA | |
|---|---|
| campo de control de longitud fija | 00587nam a2200181 a 4500 |
| 001 - NÚMERO DE CONTROL | |
| campo de control | 000026043 |
| 005 - FECHA Y HORA DE LA ÚLTIMA TRANSACCIÓN | |
| campo de control | 20200930024244.0 |
| 008 - DATOS DE LONGITUD FIJA--INFORMACIÓN GENERAL | |
| campo de control de longitud fija | 110225s1965 xxu r 001 0 eng d |
| 040 ## - FUENTE DE LA CATALOGACIÓN | |
| Centro catalogador/agencia de origen | DO-SdBNP |
| Lengua de catalogación | eng |
| Centro/agencia transcriptor | BNPHU |
| 082 ## - NÚMERO DE LA CLASIFICACIÓN DECIMAL DEWEY | |
| Número de clasificación | nn* |
| Número de documento/Ítem | nn* |
| 049 ## - FONDOS LOCALES (OCLC) | |
| Fondos de biblioteca | BNGR |
| 245 00 - MENCIÓN DE TÍTULO | |
| Título | Quasimodo / |
| Mención de responsabilidad, etc. | Traducción e introduccón de Jack Bevan. |
| 260 ## - PUBLICACIÓN, DISTRIBUCIÓN, ETC. | |
| Lugar de publicación, distribución, etc. | [Estados Unidos] : |
| Nombre del editor, distribuidor, etc. | Penguin Books, |
| Fecha de publicación, distribución, etc. | 1965. |
| 300 ## - DESCRIPCIÓN FÍSICA | |
| Extensión | 110 p. ; |
| Dimensiones | 18 cm. |
| 490 1# - MENCIÓN DE SERIE | |
| Mención de serie | Penguin Modern European Poets. Selected poems |
| Designación de volumen o secuencia | D86 |
| 700 1# - PUNTO DE ACCESO ADICIONAL--NOMBRE DE PERSONA | |
| Nombre de persona | Bevan, Jack, |
| Término indicativo de función/relación | tr. |
| 9 (RLIN) | 52981 |
| 830 #0 - PUNTO DE ACCESO ADICIONAL DE SERIE-TÍTULO UNIFORME | |
| Título uniforme | Penguin Modern European Poets. |
| Nombre de parte o sección de la obra | Selected poems |
| Designación de volumen o secuencia | D86 |
| 9 (RLIN) | 52982 |
| Estado de retiro | Estado de pérdida | Restricciones de uso | No para préstamo | Código de colección | Localización permanente | Ubicación/localización actual | Ubicación en estantería | Fecha de adquisición | Número de inventario | Total de préstamos | Signatura topográfica completa | Código de barras | Fecha visto por última vez | Precio válido a partir de | Tipo de ítem Koha |
|---|---|---|---|---|---|---|---|---|---|---|---|---|---|---|---|
| Monografías: Libros y Folletos | General | General | En catalogación | 25.02.2011 | LF1 | nn* nn* | 26043-10 | 25.06.2020 | 25.06.2020 | Préstamo en sala |
